000 00869cam a2200205 4500
001 WB3736-33
008 010927n2001 000 0 eng u
035 _a(Sirsi) u114884
245 _aFuture of farming and food
260 _c2001
490 _aCabinet Office News Release
_v 25 September 2001, (3)
520 _aThe Policy Commission on the Future of Farming and Food has launched a consultation document. Copies are available from http://cabinet-office.gov.uk/farming and responses should be sent, by 26 October 2001, to Sir Donald Curry at Policy Commission on the Future of Farming and Food or by email to [email protected].
590 _aWB
650 _aFARMING PRACTICES
650 _aFOOD PRODUCTION
650 _aCONSULTATION DOCUMENTS
650 _aCOUNTRYSIDE POLICY
690 _aRURAL-AGRICULTURE AND FORESTRY
942 _n0
999 _c68412
_d68412